000 01412nam a2200361 i 4500
001 000038173
003 DO-SdBNP
005 20251204073702.0
007 ta
008 130320s2009 dr 000 0 spa d
020 _a9789945140453
040 _aDO-SdBNP
_bspa
_cBNPHU
_erda
082 4 _a340.3
_bO77d
_222
100 1 _aNuñez Polanco, Diómedes,
_d1952-
_eautor
_4aut.
_983559
245 1 0 _aDiccionario jurídico 9-11 :
_btraducción popular del lenguaje de la justicia /
_cFrancisco Ortega Polanco, prólogo, Manuel Bergés Chupani
264 1 _aSanto Domingo :
_bCorripio,
_c2009.
300 _a643 páginas ;
_c27 cm.
336 _atexto
_btxt
_2rdacontent
337 _asin mediación
_bn
_2rdamedia
338 _avolumen
_bnc
_2rdacarrier
490 1 _aOrtega Polanco jurídica
_v3
490 1 _aAbogado d´ bolsillo
500 _aIncluye referencias bibliográficas y notas al pie de las paginas
504 _aBibliografía : páginas 637-643
590 _aInventariado, 2021/MFF
650 4 _aDerecho
_vDiccionarios
_944145
650 0 _aAdministración de justicia
_zRepública Dominicana
_vDiccionarios
_910083
651 4 _aRepública Dominicana
_xLegislación
_vDiccionarios
_978334
700 1 _a Bergés Chupani, Manuel,
_eprologuista
_4pr.
_98440
830 0 _aOrtega Polanco jurídica
_n3
_964543
_pAbogado d´ bolsillo
910 _aValidado. Control de calidad MFF
942 _2ddc
_cLBS1
999 _c37663
_d37663